Normal view
MARC view
Entry Personal Name
001 - CONTROL NUMBER
- control field: 6015
003 - CONTROL NUMBER IDENTIFIER
- control field: BD-RjUL
005 - DATE AND TIME OF LATEST TRANSACTION
- control field: 20221124105744.0
008 - FIXED-LENGTH DATA ELEMENTS
- fixed length control field: 221124|| aca||aabn | a|a d
040 ## - CATALOGING SOURCE
- Original cataloging agency: BD-RjUL
- Transcribing agency: BD-RjUL
100 ## - HEADING--PERSONAL NAME
- Personal name: Khaleque, M. A. Supervisors
670 ## - SOURCE DATA FOUND
- Source citation: Work cat.: (BD-RjUL)80842: Islam, Md. Aminul 5279, Study of the Anther Culture and Comparison of GxE Models for Selection of Stable Genotypes in Chilli (Capsicum annuum L.) :, 2002